000 00399nam a2200121Ia 4500
005 20260328104306.0
008 260328s9999||||xx |||||||||||||| ||und||
100 _aChullén, Eduardo
245 0 _aQUINTA BIENAL de Arquitectura :
_bcolegios de Arquitectura del Perú 21/25 de Noviembre de 1983. /
_cEduardo Chullén
260 _bColegios de arquitectos del Perú
650 _aURBANISMO
942 _cBK
999 _c10761
_d10761